[Event "European Club Cup 2006"]
[Site "Fuegen AUT"]
[Date "2006.10.10"]
[Round "3.75"]
[White "Frank, Paul"]
[Black "Deglmann, Ludwig"]
[Result "1/2-1/2"]
[WhiteElo "2189"]
[BlackElo "2334"]
[PlyCount "46"]
[EventDate "2006.10.08"]
[EventType "team"]
[EventRounds "7"]
[EventCountry "AUT"]
[Source "lmi"]
[SourceDate "2006.10.08"]

1. d4 f5 2. h3 Nf6 3. g4 d5 4. c4 c5 5. Nf3 Nc6 6. Bg2 dxc4 7. Qa4 cxd4 8. Nxd4
Qxd4 9. Bxc6+ Bd7 10. Bxd7+ Qxd7 11. Qxd7+ Nxd7 12. gxf5 g6 13. fxg6 hxg6 14.
Na3 Rc8 15. Be3 Bg7 16. O-O-O Rh5 17. Rhg1 Nf8 18. Bxa7 c3 19. Bd4 cxb2+ 20.
Kxb2 Bxd4+ 21. Rxd4 Rxh3 22. Rgd1 Rh2 23. Rf1 Ne6 1/2-1/2

[Event "European Club Cup 2006"]
[Site "Fuegen AUT"]
[Date "2006.10.10"]
[Round "3.76"]
[White "Hoellrigl, Wilfried"]
[Black "Hatzl, Johannes"]
[Result "1-0"]
[WhiteElo "2255"]
[BlackElo "2113"]
[PlyCount "89"]
[EventDate "2006.10.08"]
[EventType "team"]
[EventRounds "7"]
[EventCountry "AUT"]
[Source "lmi"]
[SourceDate "2006.10.08"]

1. e4 c6 2. d4 d5 3. e5 c5 4. c3 cxd4 5. cxd4 Bf5 6. Nc3 e6 7. Bd3 Bxd3 8. Qxd3
Nc6 9. Nge2 Nge7 10. O-O Nf5 11. g4 Nh4 12. f4 h5 13. h3 hxg4 14. hxg4 g6 15.
Be3 Nf5 16. Bf2 Ng7 17. Kg2 Qd7 18. Rh1 Rxh1 19. Rxh1 O-O-O 20. Rh7 Kb8 21. Bh4
Rc8 22. Bf6 Ne8 23. Qxg6 fxg6 24. Rxd7 Nxf6 25. exf6 Rc7 26. Rxc7 Kxc7 27. Kh3
Kd7 28. Kh4 Ke8 29. Kg5 Kf7 30. f5 gxf5 31. gxf5 Bd6 32. fxe6+ Kxe6 33. Kg6 Nd8
34. Ng1 Bf4 35. Nh3 Be3 36. Ng5+ Kd7 37. Ne2 Ke8 38. f7+ Ke7 39. Kg7 Nxf7 40.
Nxf7 a6 41. Kg6 b5 42. Ng5 Kd6 43. Kf6 a5 44. Nf7+ Kc6 45. Ke6 1-0

[Event "European Club Cup 2006"]
[Site "Fuegen AUT"]
[Date "2006.10.10"]
[Round "3.77"]
[White "Naumann, Alexander"]
[Black "Kiik, Kalle"]
[Result "1-0"]
[WhiteElo "2542"]
[BlackElo "2444"]
[PlyCount "93"]
[EventDate "2006.10.08"]
[EventType "team"]
[EventRounds "7"]
[EventCountry "AUT"]
[Source "lmi"]
[SourceDate "2006.10.08"]

1. e4 c5 2. Nf3 e6 3. d4 cxd4 4. Nxd4 Nf6 5. Nc3 Nc6 6. Ndb5 Bb4 7. a3 Bxc3+ 8.
Nxc3 d5 9. exd5 exd5 10. Bd3 d4 11. Ne2 Bg4 12. h3 Bh5 13. O-O O-O 14. Bf4 Re8
15. Qd2 Qb6 16. Ng3 Bg6 17. Rab1 Ne5 18. Bxe5 Rxe5 19. Rfd1 Rae8 20. Qb4 Qxb4
21. axb4 Rd8 22. Ra1 a6 23. f4 Re7 24. f5 Re3 25. Kf2 Bh5 26. Re1 g6 27. Rxe3
dxe3+ 28. Kxe3 Nd5+ 29. Kd2 Nxb4 30. Ne4 Kf8 31. g4 gxf5 32. Ng3 Bxg4 33. hxg4
fxg4 34. Rh1 Nxd3 35. cxd3 Kg7 36. Rh4 h5 37. Rxh5 Kg6 38. Rf5 Rd4 39. Kc3 Rd7
40. d4 f6 41. Rf4 Kg5 42. Rf1 Re7 43. Kd3 Re6 44. d5 Rb6 45. Kc3 Kh4 46. Nf5+
Kg5 47. d6 1-0

[Event "European Club Cup 2006"]
[Site "Fuegen AUT"]
[Date "2006.10.10"]
[Round "3.78"]
[White "Ivanov, Sergei"]
[Black "Ernst, Sipke"]
[Result "0-1"]
[WhiteElo "2354"]
[BlackElo "2512"]
[PlyCount "76"]
[EventDate "2006.10.08"]
[EventType "team"]
[EventRounds "7"]
[EventCountry "AUT"]
[Source "lmi"]
[SourceDate "2006.10.08"]

1. e4 c6 2. d4 d5 3. exd5 cxd5 4. c3 Nc6 5. Bd3 Qc7 6. Qf3 Nf6 7. Bf4 Qb6 8.
Qe2 g6 9. h3 Bg7 10. Nf3 O-O 11. O-O Nd7 12. Na3 a6 13. Rab1 Re8 14. Nc2 e5 15.
dxe5 Ndxe5 16. Nxe5 Nxe5 17. Nd4 Bd7 18. Qc2 Nxd3 19. Qxd3 Re4 20. Be3 Qa5 21.
a3 Bxd4 22. Bxd4 Bb5 23. Qf3 Bxf1 24. Rxf1 Qd8 25. Rd1 Qe7 26. Kh2 Re8 27. g3
Qe6 28. Be3 Kg7 29. Rd3 f6 30. Qd1 Rd8 31. Rd4 Rxd4 32. Qxd4 Rd7 33. h4 h6 34.
Kg1 Qf5 35. Qb4 g5 36. hxg5 hxg5 37. Kf1 Qd3+ 38. Kg1 Qb1+ 0-1

[Event "European Club Cup 2006"]
[Site "Fuegen AUT"]
[Date "2006.10.10"]
[Round "3.79"]
[White "Hoffmann, Michael"]
[Black "Volodin, Aleksandr"]
[Result "1-0"]
[WhiteElo "2477"]
[BlackElo "2339"]
[PlyCount "69"]
[EventDate "2006.10.08"]
[EventType "team"]
[EventRounds "7"]
[EventCountry "AUT"]
[Source "lmi"]
[SourceDate "2006.10.08"]

1. e4 c5 2. Nf3 e6 3. Nc3 d6 4. d4 cxd4 5. Nxd4 Nf6 6. g4 Nc6 7. g5 Nd7 8. Be3
Be7 9. Rg1 O-O 10. Qh5 Nde5 11. O-O-O g6 12. Qe2 Nxd4 13. Rxd4 f6 14. f4 Nc6
15. Rd1 fxg5 16. fxg5 Ne5 17. h4 Bd7 18. h5 Rc8 19. hxg6 Nxg6 20. e5 d5 21. Qh5
Bb4 22. Bd3 Be8 23. Ne2 Qe7 24. Rh1 Rc7 25. Qh3 Ba5 26. Kb1 Bb6 27. Bxb6 axb6
28. Qg4 Rc4 29. Nd4 Rxd4 30. Qxd4 Rf4 31. Qxb6 Rb4 32. Qe3 Rg4 33. Rdg1 d4 34.
Qf2 Rxg5 35. Qxd4 1-0

[Event "European Club Cup 2006"]
[Site "Fuegen AUT"]
[Date "2006.10.10"]
[Round "3.80"]
[White "Jouhki, Yrjo Markus"]
[Black "Wegerle, Joerg"]
[Result "1/2-1/2"]
[WhiteElo "2298"]
[BlackElo "2411"]
[PlyCount "40"]
[EventDate "2006.10.08"]
[EventType "team"]
[EventRounds "7"]
[EventCountry "AUT"]
[Source "lmi"]
[SourceDate "2006.10.08"]

1. g3 d5 2. Bg2 Nf6 3. Nf3 e6 4. O-O Be7 5. d3 O-O 6. Nbd2 b6 7. e4 dxe4 8. Ng5
Nbd7 9. Ndxe4 Rb8 10. d4 h6 11. Nxf6+ Nxf6 12. Ne4 Bb7 13. Nxf6+ Bxf6 14. Be3
Bxg2 15. Kxg2 Qd5+ 16. Qf3 c6 17. a4 Rfd8 18. Qxd5 cxd5 19. Kf3 Rdc8 20. c3 Rb7
1/2-1/2

[Event "European Club Cup 2006"]
[Site "Fuegen AUT"]
[Date "2006.10.10"]
[Round "3.81"]
[White "Schaefer, Markus"]
[Black "Lahtinen, Markku"]
[Result "1-0"]
[WhiteElo "2379"]
[BlackElo "2257"]
[PlyCount "55"]
[EventDate "2006.10.08"]
[EventType "team"]
[EventRounds "7"]
[EventCountry "AUT"]
[Source "lmi"]
[SourceDate "2006.10.08"]

1. e4 c5 2. Nf3 d6 3. Nc3 Nf6 4. g3 Nc6 5. Bg2 g6 6. O-O Bg7 7. d3 O-O 8. h3
Rb8 9. a4 a6 10. Be3 e5 11. Kh2 Nd4 12. Nd2 b5 13. axb5 axb5 14. Ne2 d5 15. f4
Nxe2 16. Qxe2 d4 17. Bg1 exf4 18. Rxf4 Nh5 19. Rf3 Be5 20. Nf1 Qd6 21. Kh1 Bb7
22. Bh2 f5 23. Ra7 Bc6 24. exf5 Rbe8 25. fxg6 Bxf3 26. Bxf3 Bxg3 27. Qg2 Re1
28. Bd5+ 1-0

[Event "European Club Cup 2006"]
[Site "Fuegen AUT"]
[Date "2006.10.10"]
[Round "3.82"]
[White "Porrasmaa, Timo"]
[Black "Becker, Martin"]
[Result "0-1"]
[WhiteElo "2210"]
[BlackElo "2315"]
[PlyCount "72"]
[EventDate "2006.10.08"]
[EventType "team"]
[EventRounds "7"]
[EventCountry "AUT"]
[Source "lmi"]
[SourceDate "2006.10.08"]

1. c4 e6 2. g3 d5 3. Bg2 Nf6 4. Nf3 dxc4 5. Qc2 c6 6. Ne5 Be7 7. O-O O-O 8.
Nxc4 b5 9. Ne5 Bb7 10. b3 Qb6 11. Nc3 Nbd7 12. Nxd7 Nxd7 13. Bb2 c5 14. Qd3
Bxg2 15. Kxg2 Qb7+ 16. Qe4 Qxe4+ 17. Nxe4 f5 18. Nc3 Bf6 19. Nd1 Bd4 20. Rc1
Rac8 21. Rc2 Rfd8 22. Nc3 a6 23. Rfc1 Nb6 24. Nd1 Kf7 25. Kf3 e5 26. Ba3 c4 27.
bxc4 e4+ 28. Kf4 Kf6 29. g4 Be5+ 30. Ke3 Bd4+ 31. Kf4 Be5+ 32. Ke3 Nxc4+ 33.
Rxc4 Rxc4 34. Rxc4 bxc4 35. gxf5 Kxf5 36. h3 Bf4# 0-1

[Event "European Club Cup 2006"]
[Site "Fuegen AUT"]
[Date "2006.10.10"]
[Round "3.83"]
[White "Horvath, Adam"]
[Black "Pilgaard, Kim"]
[Result "1-0"]
[WhiteElo "2495"]
[BlackElo "2421"]
[PlyCount "103"]
[EventDate "2006.10.08"]
[EventType "team"]
[EventRounds "7"]
[EventCountry "AUT"]
[Source "lmi"]
[SourceDate "2006.10.08"]

1. e4 e5 2. Nf3 Nc6 3. Bb5 a6 4. Ba4 Nf6 5. O-O Be7 6. Re1 b5 7. Bb3 d6 8. c3
O-O 9. d4 Bg4 10. d5 Na5 11. Bc2 c6 12. h3 Bd7 13. Nxe5 dxe5 14. d6 Nc4 15.
dxe7 Qxe7 16. b3 Nb6 17. Qf3 h6 18. Be3 Rfb8 19. Nd2 c5 20. Nf1 Kh7 21. Ng3 c4
22. Nf5 Bxf5 23. exf5 cxb3 24. axb3 e4 25. Qg3 Nbd5 26. Bd4 Rg8 27. Qh4 Qc7 28.
Bxe4 Nxe4 29. Rxe4 Nxc3 30. Re7 Qc6 31. f6 b4 32. Rae1 Rae8 33. fxg7 Rxe7 34.
Qxe7 Qg6 35. Qxb4 Nd5 36. Qb7 Nf4 37. Qf3 Ne6 38. Bc3 Nxg7 39. Re7 Rf8 40. Ra7
Ne6 41. h4 Ng7 42. g3 Rc8 43. Qf6 Rc6 44. Qe5 Re6 45. Qf4 Rc6 46. Qf3 Rc8 47.
h5 Qxh5 48. Qxh5 Nxh5 49. Bd4 Rc6 50. g4 Rg6 51. f3 Ng3 52. Kf2 1-0

[Event "European Club Cup 2006"]
[Site "Fuegen AUT"]
[Date "2006.10.10"]
[Round "3.85"]
[White "Horvath, Gyula"]
[Black "Brinck Claussen, Bjorn"]
[Result "1-0"]
[WhiteElo "2431"]
[BlackElo "2361"]
[PlyCount "43"]
[EventDate "2006.10.08"]
[EventType "team"]
[EventRounds "7"]
[EventCountry "AUT"]
[Source "lmi"]
[SourceDate "2006.10.08"]

1. e4 e5 2. Bc4 Nf6 3. d3 Nc6 4. Nc3 Bb4 5. Nge2 d5 6. exd5 Nxd5 7. O-O Nb6 8.
Bb3 O-O 9. f4 exf4 10. Bxf4 Nd4 11. Nxd4 Qxd4+ 12. Kh1 Bxc3 13. bxc3 Qxc3 14.
Qh5 Be6 15. Be5 Qd2 16. Rad1 Qe3 17. Rde1 Qd2 18. Re2 g6 19. Qf3 Qg5 20. Bf6
Qh5 21. Qxh5 gxh5 22. Rxe6 1-0

[Event "European Club Cup 2006"]
[Site "Fuegen AUT"]
[Date "2006.10.10"]
[Round "3.86"]
[White "Carstensen, Jacob"]
[Black "Horvath, Tamas"]
[Result "1/2-1/2"]
[WhiteElo "2307"]
[BlackElo "2426"]
[PlyCount "35"]
[EventDate "2006.10.08"]
[EventType "team"]
[EventRounds "7"]
[EventCountry "AUT"]
[Source "lmi"]
[SourceDate "2006.10.08"]

1. d4 e6 2. c4 c5 3. d5 exd5 4. cxd5 d6 5. Nc3 g6 6. Nf3 a6 7. a4 Nf6 8. g3 Bg7
9. Bg2 O-O 10. O-O Nbd7 11. Nd2 Re8 12. h3 Rb8 13. Nc4 Nb6 14. Na3 Bd7 15. a5
Nc8 16. Nc4 Bb5 17. Qb3 Bxc4 18. Qxc4 1/2-1/2

[Event "European Club Cup 2006"]
[Site "Fuegen AUT"]
[Date "2006.10.10"]
[Round "3.87"]
[White "Csiszar, Csaba"]
[Black "Aabling Thomsen, Jakob"]
[Result "1-0"]
[WhiteElo "2440"]
[BlackElo "2276"]
[PlyCount "97"]
[EventDate "2006.10.08"]
[EventType "team"]
[EventRounds "7"]
[EventCountry "AUT"]
[Source "lmi"]
[SourceDate "2006.10.08"]

1. d4 g6 2. Nf3 Bg7 3. c4 d6 4. e4 e5 5. Bg5 f6 6. Bh4 Nc6 7. d5 Nce7 8. Nfd2
f5 9. f3 Nf6 10. Nc3 O-O 11. h3 f4 12. Bf2 c6 13. Qc2 a6 14. O-O-O cxd5 15.
cxd5 b5 16. Kb1 Bd7 17. Bd3 Nc8 18. Rc1 Nb6 19. Ne2 Rc8 20. Qb3 Na4 21. Qa3
Rxc1+ 22. Rxc1 Qb8 23. Qb4 Rc8 24. Rxc8+ Qxc8 25. Qxd6 Ne8 26. Qb4 Bf8 27. Qb3
Bc5 28. Be1 Bd6 29. Qc2 Qd8 30. Nb3 Qg5 31. Nec1 Qe7 32. Bf2 Qg5 33. Bf1 Qd8
34. Nd3 Kf7 35. Nbc5 Nxc5 36. Bxc5 Qe7 37. b4 g5 38. Qc3 Kg8 39. Bxd6 Qxd6 40.
Nxe5 Nf6 41. Nd3 Be8 42. Qc5 Qd8 43. Be2 Bg6 44. Qd4 h5 45. Bd1 Kh7 46. Bc2 Kh6
47. h4 Nh7 48. Qe5 gxh4 49. Qxf4+ 1-0

[Event "European Club Cup 2006"]
[Site "Fuegen AUT"]
[Date "2006.10.10"]
[Round "3.88"]
[White "Petersen, Steen"]
[Black "Meszaros, Tamas"]
[Result "0-1"]
[WhiteElo "2147"]
[BlackElo "2352"]
[PlyCount "80"]
[EventDate "2006.10.08"]
[EventType "team"]
[EventRounds "7"]
[EventCountry "AUT"]
[Source "lmi"]
[SourceDate "2006.10.08"]

1. e4 e5 2. Nf3 Nc6 3. d4 exd4 4. Bc4 Nf6 5. e5 d5 6. Bb5 Ne4 7. Nxd4 Bc5 8.
Be3 Bd7 9. Bxc6 bxc6 10. O-O Bb6 11. f3 Ng5 12. f4 Ne4 13. Nd2 Nxd2 14. Qxd2 c5
15. Nf3 d4 16. Bf2 Bc6 17. f5 Bxf3 18. gxf3 Qd5 19. Bh4 Kd7 20. Qf4 Rae8 21.
Rfe1 Kc6 22. a4 a5 23. c3 h6 24. Bf2 g6 25. cxd4 cxd4 26. f6 Kb7 27. Qe4 Qxe4
28. Rxe4 c5 29. Kf1 Kc6 30. Rc1 Kd5 31. Ree1 Rxe5 32. Bg3 Rxe1+ 33. Rxe1 Bd8
34. Re5+ Kc6 35. Re4 Bxf6 36. Rf4 Be5 37. Rxf7 Bxg3 38. hxg3 Rb8 39. Rf6+ Kd5
40. Rxg6 Rxb2 0-1

[Event "European Club Cup 2006"]
[Site "Fuegen AUT"]
[Date "2006.10.10"]
[Round "3.90"]
[White "Arkell, Keith C"]
[Black "Van Haastert, Edwin"]
[Result "1/2-1/2"]
[WhiteElo "2479"]
[BlackElo "2393"]
[PlyCount "108"]
[EventDate "2006.10.08"]
[EventType "team"]
[EventRounds "7"]
[EventCountry "AUT"]
[Source "lmi"]
[SourceDate "2006.10.08"]

1. d4 Nf6 2. Nf3 e6 3. c4 Nc6 4. Nc3 Bb4 5. Bd2 O-O 6. a3 Bxc3 7. Bxc3 Ne4 8.
Qc2 Nxc3 9. Qxc3 d6 10. d5 Ne7 11. dxe6 Bxe6 12. e3 Ng6 13. Be2 Nh4 14. Nxh4
Qxh4 15. O-O a5 16. Rfd1 a4 17. Rd4 Qe7 18. Bf3 Ra7 19. Rc1 b6 20. Bc6 Ra5 21.
Qd2 Bd7 22. Bd5 Be6 23. h3 Rb8 24. Qc2 Re8 25. Rcd1 h6 26. Qe2 Qd7 27. Qf3 Rc5
28. Rf4 Rb8 29. Rd2 Re8 30. Rdd4 Rb8 31. h4 Re8 32. Qg3 Kh8 33. h5 Bxd5 34.
cxd5 Re5 35. Qf3 f6 36. e4 Qb5 37. Rf5 Qxb2 38. Rxe5 dxe5 39. Rxa4 Qc1+ 40. Kh2
Qg5 41. Ra8+ Kh7 42. g4 g6 43. hxg6+ Qxg6 44. Qf5 Qxf5 45. gxf5 Ra5 46. Rc8 Ra7
47. Re8 h5 48. Re6 Kg7 49. Rc6 Rxa3 50. Rxc7+ Kh6 51. Rc6 Kg5 52. Rxb6 Kf4 53.
Rxf6 Kxe4 54. d6 Rd3 1/2-1/2

[Event "European Club Cup 2006"]
[Site "Fuegen AUT"]
[Date "2006.10.10"]
[Round "3.91"]
[White "Van Ketel, Raoul"]
[Black "Williams, Simon"]
[Result "0-1"]
[WhiteElo "2324"]
[BlackElo "2473"]
[PlyCount "62"]
[EventDate "2006.10.08"]
[EventType "team"]
[EventRounds "7"]
[EventCountry "AUT"]
[Source "lmi"]
[SourceDate "2006.10.08"]

1. d4 e6 2. c4 b6 3. e4 Bb7 4. Bd3 f5 5. Nd2 Bb4 6. Qe2 Nf6 7. e5 Bxg2 8. exf6
Qxf6 9. a3 Bd6 10. f3 Bxh1 11. Nf1 Nc6 12. Be3 Nxd4 13. Qf2 Nb3 14. Rd1 f4 15.
Be4 O-O-O 16. Bxb6 axb6 17. Rxd6 Qe5 18. Qc2 Qxd6 19. Qxb3 Qc5 20. Qa4 c6 21.
Ne2 Kb7 22. b4 Qxc4 23. Nd2 Qa6 24. Qb3 Ra8 25. b5 Qxa3 26. bxc6+ Kc7 27. Qc2
d5 28. Bxh7 Qe3 29. Qg6 Ra1+ 30. Nb1 Bxf3 31. Qxg7+ Kxc6 0-1

[Event "European Club Cup 2006"]
[Site "Fuegen AUT"]
[Date "2006.10.10"]
[Round "3.92"]
[White "Bakker, Sven"]
[Black "Houska, Jovanka"]
[Result "0-1"]
[WhiteElo "2237"]
[BlackElo "2364"]
[PlyCount "84"]
[EventDate "2006.10.08"]
[EventType "team"]
[EventRounds "7"]
[EventCountry "AUT"]
[Source "lmi"]
[SourceDate "2006.10.08"]

1. d4 d5 2. c4 c6 3. Nf3 Nf6 4. e3 e6 5. Nbd2 Nbd7 6. Bd3 Be7 7. O-O O-O 8. b3
c5 9. Bb2 b6 10. Rc1 Bb7 11. Qe2 cxd4 12. Nxd4 Nc5 13. Bb1 dxc4 14. Nxc4 Qd5
15. f3 Rfd8 16. Rfd1 Qh5 17. Qf2 Nd5 18. Ne2 Bh4 19. Ng3 Qh6 20. Bd4 Rac8 21.
Qe2 Ba6 22. f4 Be7 23. Nh5 Nf6 24. Nxf6+ Bxf6 25. Qb2 Qh5 26. Rd2 Be7 27. Rcd1
f6 28. Bc3 Qxd1+ 29. Rxd1 Rxd1+ 30. Kf2 Nd3+ 31. Bxd3 Rxd3 32. Bd4 b5 33. Qe2
bxc4 34. bxc4 Bxc4 35. Qb2 Bd5 36. Qb5 Rd2+ 37. Kg3 Rxg2+ 38. Kh3 Rcc2 39. Qe8+
Bf8 40. e4 Rxh2+ 41. Kg3 Rhd2 42. Bxf6 Rd3+ 0-1

[Event "European Club Cup 2006"]
[Site "Fuegen AUT"]
[Date "2006.10.10"]
[Round "3.93"]
[White "Wirig, Anthony"]
[Black "Thorhallsson, Throstur"]
[Result "1-0"]
[WhiteElo "2439"]
[BlackElo "2469"]
[PlyCount "75"]
[EventDate "2006.10.08"]
[EventType "team"]
[EventRounds "7"]
[EventCountry "AUT"]
[Source "lmi"]
[SourceDate "2006.10.08"]

1. e4 d5 2. exd5 Nf6 3. Nf3 Nxd5 4. d4 g6 5. c4 Nb6 6. Nc3 Bg7 7. c5 Nd5 8. Bc4
c6 9. O-O O-O 10. Re1 b6 11. Bg5 Be6 12. Nxd5 cxd5 13. Bxe7 Qxe7 14. Bxd5 Na6
15. Bxa8 Rxa8 16. d5 Rd8 17. Qe2 Rxd5 18. Qxa6 Rxc5 19. Qe2 Qc7 20. Rad1 h6 21.
Nd4 Rh5 22. h3 Bd5 23. Qe8+ Kh7 24. Rc1 Bc4 25. b3 Bxd4 26. Rxc4 Bc5 27. Rc2 a5
28. a3 Qf4 29. b4 axb4 30. axb4 Bd6 31. Rc8 Qh2+ 32. Kf1 Qh1+ 33. Ke2 Re5+ 34.
Qxe5 Qxe1+ 35. Kxe1 Bxe5 36. Rc6 Bd4 37. Ke2 Kg7 38. Rd6 1-0

[Event "European Club Cup 2006"]
[Site "Fuegen AUT"]
[Date "2006.10.10"]
[Round "3.94"]
[White "Kristjansson, Stefan"]
[Black "Berend, Fred"]
[Result "1-0"]
[WhiteElo "2482"]
[BlackElo "2354"]
[PlyCount "115"]
[EventDate "2006.10.08"]
[EventType "team"]
[EventRounds "7"]
[EventCountry "AUT"]
[Source "lmi"]
[SourceDate "2006.10.08"]

1. e4 e6 2. d4 d5 3. Nc3 Nf6 4. Bg5 dxe4 5. Nxe4 Be7 6. Bxf6 Bxf6 7. Nf3 Nd7 8.
Bd3 O-O 9. Qe2 b6 10. Neg5 g6 11. Qe4 Rb8 12. Qh4 Bxg5 13. Nxg5 Nf6 14. O-O-O
Kg7 15. Rhe1 h6 16. Nf3 Nd5 17. Qe4 Qf6 18. Ne5 Qg5+ 19. Qe3 Qxe3+ 20. fxe3 b5
21. Rf1 f5 22. Be2 Nf6 23. Bf3 Bb7 24. Rd3 b4 25. Rb3 a5 26. a3 Bxf3 27. gxf3
c5 28. dxc5 Rfc8 29. axb4 axb4 30. Nd3 Nd7 31. Rxb4 Nxc5 32. Rxb8 Nxd3+ 33. Kb1
Rxb8 34. cxd3 g5 35. Kc2 h5 36. Rb1 g4 37. f4 Kf6 38. b4 Ke7 39. Kc3 h4 40. b5
Kd6 41. Kd4 Rb6 42. e4 Rb8 43. Rb2 Ra8 44. b6 Rb8 45. Rb5 Rg8 46. exf5 g3 47.
hxg3 hxg3 48. Rb1 exf5 49. Ke3 Kc5 50. b7 g2 51. Kf2 Kd4 52. Kg1 Rb8 53. Kxg2
Kxd3 54. Kg3 Ke4 55. Rb4+ Kd5 56. Kh4 Ke6 57. Rb6+ Kf7 58. Kg5 1-0

[Event "European Club Cup 2006"]
[Site "Fuegen AUT"]
[Date "2006.10.10"]
[Round "3.96"]
[White "Gunnarsson, Arnar"]
[Black "Pucher, Olivier"]
[Result "1/2-1/2"]
[WhiteElo "2430"]
[BlackElo "2306"]
[PlyCount "36"]
[EventDate "2006.10.08"]
[EventType "team"]
[EventRounds "7"]
[EventCountry "AUT"]
[Source "lmi"]
[SourceDate "2006.10.08"]

1. c4 c5 2. Nc3 g6 3. g3 Bg7 4. Bg2 Nc6 5. e3 e6 6. Nge2 Nge7 7. O-O O-O 8. d4
cxd4 9. Nxd4 Nxd4 10. exd4 d5 11. cxd5 Nxd5 12. Nxd5 exd5 13. Be3 Be6 14. Qb3
Qd7 15. Rfc1 Rfc8 16. Qa3 a6 17. b3 h5 18. h4 Rxc1+ 1/2-1/2

[Event "European Club Cup 2006"]
[Site "Fuegen AUT"]
[Date "2006.10.10"]
[Round "3.97"]
[White "Hisler, Thomas"]
[Black "Gunnarsson, Jon Viktor"]
[Result "0-1"]
[WhiteElo "2237"]
[BlackElo "2414"]
[PlyCount "58"]
[EventDate "2006.10.08"]
[EventType "team"]
[EventRounds "7"]
[EventCountry "AUT"]
[Source "lmi"]
[SourceDate "2006.10.08"]

1. e4 c5 2. Nc3 g6 3. g3 Bg7 4. Bg2 Nc6 5. d3 d6 6. Be3 Rb8 7. Nge2 Nd4 8. O-O
e6 9. Qd2 Ne7 10. Bh6 O-O 11. Bxg7 Kxg7 12. Nxd4 cxd4 13. Ne2 Qb6 14. c3 dxc3
15. Qxc3+ e5 16. d4 Nc6 17. d5 Nb4 18. a3 Na6 19. b4 Bg4 20. Nc1 Rbc8 21. Qd2
Nc7 22. Nb3 Nb5 23. h3 Bd7 24. Rfb1 Rc7 25. Bf1 Rfc8 26. Rc1 Rc3 27. Bxb5 Rxg3+
28. Kh2 Rxh3+ 29. Kg1 Qxb5 0-1

[Event "European Club Cup 2006"]
[Site "Fuegen AUT"]
[Date "2006.10.10"]
[Round "3.98"]
[White "Bergsson, Snorri"]
[Black "Schartz, Alain"]
[Result "1/2-1/2"]
[WhiteElo "2334"]
[BlackElo "2112"]
[PlyCount "138"]
[EventDate "2006.10.08"]
[EventType "team"]
[EventRounds "7"]
[EventCountry "AUT"]
[Source "lmi"]
[SourceDate "2006.10.08"]

1. e4 c5 2. Nf3 d6 3. d4 cxd4 4. Nxd4 Nf6 5. Nc3 a6 6. Be3 Ng4 7. Bg5 h6 8. Bh4
g5 9. Bg3 Bg7 10. Be2 Ne5 11. Nd5 Nbc6 12. Nf5 Bxf5 13. exf5 e6 14. fxe6 fxe6
15. Ne3 Nd4 16. Bh5+ Ke7 17. f4 Qa5+ 18. c3 gxf4 19. Bh4+ Kd7 20. O-O Ndc6 21.
Rxf4 Raf8 22. Nc4 Nxc4 23. Rxc4 Be5 24. Bf3 Rhg8 25. Bf2 Rf4 26. Rc5 Qd8 27.
Bxc6+ bxc6 28. Rxe5 Rxf2 29. Kxf2 Qf6+ 30. Qf3 Qxf3+ 31. Kxf3 dxe5 32. Rd1+ Ke7
33. Rd2 Kf6 34. g3 a5 35. Rf2 Ke7 36. Ke4 Rg5 37. Rf3 a4 38. h4 Rg8 39. Kxe5
Rb8 40. Rf2 Rb5+ 41. Ke4 Kd6 42. Rd2+ Ke7 43. c4 Rf5 44. b4 axb3 45. axb3 Rf1
46. Rd3 c5 47. Rf3 Rd1 48. Ke3 e5 49. Rf5 Ke6 50. Rh5 Re1+ 51. Kd2 Rg1 52.
Rxh6+ Kf5 53. Rh5+ Ke4 54. Rg5 Kd4 55. Ke2 Rb1 56. h5 Rxb3 57. h6 Rb2+ 58. Kf3
Rh2 59. Rg4+ Kd3 60. Rh4 Rxh4 61. gxh4 e4+ 62. Kf2 Kd2 63. h7 e3+ 64. Kf3 e2
65. h8=Q e1=Q 66. Qb2+ Kd3 67. Qb3+ Kd4 68. Kg4 Qe6+ 69. Kg3 Qe1+ 1/2-1/2

[Event "European Club Cup 2006"]
[Site "Fuegen AUT"]
[Date "2006.10.10"]
[Round "3.105"]
[White "Kveinys, Aloyzas"]
[Black "Bucinskas, Valdas"]
[Result "1/2-1/2"]
[WhiteElo "2540"]
[BlackElo "2336"]
[PlyCount "46"]
[EventDate "2006.10.08"]
[EventType "team"]
[EventRounds "7"]
[EventCountry "AUT"]
[Source "lmi"]
[SourceDate "2006.10.08"]

1. d4 d5 2. Nf3 Nf6 3. c4 dxc4 4. e3 e6 5. Bxc4 a6 6. O-O b5 7. Bb3 Bb7 8. a4
Nbd7 9. Qe2 b4 10. Nbd2 c5 11. a5 Be7 12. Nc4 O-O 13. Rd1 Qc7 14. Bd2 Bd5 15.
Rdc1 Qb7 16. Ba4 Rac8 17. b3 Rfd8 18. Ne1 h6 19. f3 cxd4 20. exd4 Bc6 21. Nd3
Nd5 22. Bxc6 Rxc6 23. Kh1 Qb5 1/2-1/2

[Event "European Club Cup 2006"]
[Site "Fuegen AUT"]
[Date "2006.10.10"]
[Round "3.106"]
[White "Mickevicius, Juras"]
[Black "Zagorskis, Darius"]
[Result "1/2-1/2"]
[WhiteElo "2273"]
[BlackElo "2468"]
[PlyCount "93"]
[EventDate "2006.10.08"]
[EventType "team"]
[EventRounds "7"]
[EventCountry "AUT"]
[Source "lmi"]
[SourceDate "2006.10.08"]

1. d4 Nf6 2. c4 e6 3. Nf3 d5 4. Bg5 h6 5. Bxf6 Qxf6 6. e3 c6 7. Nbd2 Nd7 8. Bd3
dxc4 9. Bxc4 g6 10. O-O Bg7 11. b4 O-O 12. Rc1 Qe7 13. b5 c5 14. Ne4 cxd4 15.
exd4 Nb6 16. Bb3 Rd8 17. Qe2 Bd7 18. Nc5 Be8 19. Rfd1 Nd5 20. a4 Rac8 21. Qd2
g5 22. Nd3 Rxc1 23. Qxc1 Nb6 24. Qc5 Nc8 25. Nfe5 b6 26. Qc3 Qd6 27. Nb2 Ne7
28. Nbc4 Qc7 29. Qe3 Nd5 30. Qf3 f6 31. Nd3 Bf7 32. Rc1 Qd7 33. Ne3 Ne7 34. Nb4
Rc8 35. Nc6 Nxc6 36. Rxc6 Rd8 37. h3 Qxd4 38. Bxe6 Qa1+ 39. Nf1 Bxe6 40. Rxe6
Qxa4 41. Qc6 Qd4 42. Re8+ Rxe8 43. Qxe8+ Bf8 44. Qg6+ Bg7 45. Qe8+ Bf8 46. Qg6+
Bg7 47. Qe8+ 1/2-1/2

[Event "European Club Cup 2006"]
[Site "Fuegen AUT"]
[Date "2006.10.10"]
[Round "3.110"]
[White "Lipskij, Valerij"]
[Black "Dambrauskas, Virginijus"]
[Result "0-1"]
[WhiteElo "2140"]
[BlackElo "2331"]
[PlyCount "80"]
[EventDate "2006.10.08"]
[EventType "team"]
[EventRounds "7"]
[EventCountry "AUT"]
[Source "lmi"]
[SourceDate "2006.10.08"]

1. b4 e5 2. Bb2 Bxb4 3. Bxe5 Nf6 4. Nf3 O-O 5. e3 Re8 6. Be2 d5 7. O-O c5 8. d4
cxd4 9. exd4 Nc6 10. c4 Be6 11. c5 Bg4 12. Bd6 Ne4 13. a3 Bc3 14. Ra2 Bxf3 15.
gxf3 Nxd6 16. Nxc3 Nf5 17. Bb5 Re6 18. Bxc6 bxc6 19. Kh1 Qh4 20. Rg1 Qxd4 21.
Qxd4 Nxd4 22. Rg4 Nxf3 23. Rf4 Ne5 24. Rd2 Nd7 25. Ne2 Rae8 26. Nd4 Rg6 27. h4
Nxc5 28. Nf3 Ne4 29. Rb2 h6 30. Rb7 Nxf2+ 31. Kh2 Re2 32. Rb8+ Kh7 33. Rxf7
Ne4+ 34. Kh1 Rf6 {[34. Rgg2]} 35. Rxf6 Nxf6 36. Nd4 Re4 37. Nxc6 Rxh4+ 38. Kg2
Ra4 39. Rb7 a6 40. Rb3 h5 0-1